000 03035cam a22005774i 4500
003 PE-LiUPU
005 20250731172857.0
008 150616s1984 caua rb 000 0 spa d
035 _a(Sirsi) a164133
040 _aPE-LiUPU
_bspa
_cPE-LiUPU
_erda
049 _aPRUA
082 0 4 _a286.7325
_bMS
_221
082 0 4 _aW286.7325
_bMS 1984
100 1 _aWhite, Elena G. de,
_eautor.
245 1 0 _aMensajes Selectos.
_n3 /
_cElena G. de White.
264 1 _aCalifornia :
_bPublicaciones Interamericanas,
_c1984.
300 _a597 páginas ;
_c18 centímetros.
336 _atext
_2rdacontent
337 _aunmediated
_2rdamedia
338 _avolume
_2rdacarrier
505 0 _aLa iglesia -- Principios relativos a la inspiración -- La preparación de los libros de Elena de White -- La encarnación -- Principios de la salvación -- Educación: La escuela primaria adventista y las universidades del mundo -- Normas -- La reforma pro salud -- Consejos sobre diversos asuntos -- Haciendo frente al fanatismo -- Acontecimientos de los ultimos días.
526 _aSEG42
526 _aSEG41
526 _aSEG40
526 _aSEG39
526 _aP94
526 _aP87
526 _aP86
526 _aP85
526 _aP77
526 _aP76
526 _aP35
650 0 4 _aCONSEJERIA CRISTIANA.
910 _ajck
_bjvq
_cjck
910 _btqv
_cwelc
_d20170614
942 _2ddc
_cBOOK
949 _a286.7325 MS 3
_wDEWEY
_c1
_i36031
_lCCODEBUL1
_mBUL
_p00.00
_r0
_sY
_tBOOK
_u19940720
_xBIBLIOTECA
_zUNKNOWN
_0COMPRA
_o.STAFF. Colección General
949 _a286.7325 MS 3
_wDEWEY
_c2
_i32376
_lCCODEBUL1
_mBUL
_p00.00
_r0
_sY
_tBOOK
_u2015-04-23
_xBIBLIOTECA
_zUNKNOWN
_0COMPRA
_o.STAFF. Colección General
949 _a286.7325 MS 3
_wDEWEY
_c3
_i32377
_lCCODEBUL1
_mBUL
_p00.00
_r0
_sY
_tBOOK
_u2015-04-23
_xBIBLIOTECA
_zUNKNOWN
_0COMPRA
_o.STAFF. Colección General
949 _aW286.7325 MS 1984
_wDEWEY
_c1
_iFJ05687
_lCCODECWJ1
_mBUJ
_p15.00
_r0
_sY
_tBOOK
_u2017-06-14
_xBIBLIOTECA
_zUNKNOWN
_0COMPRA
_o.STAFF. Colección General Juliaca
949 _aW286.7325 MS 1984
_wDEWEY
_c2
_iFJ09600
_lCCODECWJ1
_mBUJ
_p22.00
_r0
_sY
_tBOOK
_u2017-12-13
_xBIBLIOTECA
_zUNKNOWN
_0COMPRA
_o.STAFF. Colección General Juliaca
994 _aC0
_bPEPRU
596 _a1 3
999 _a286.7325 MS
_wDEWEY
_c12985
_i36031
_d12985
_f2021-11-11
_g4
_lCCODEBUL1
_mBUL
_q5
_r0
_sY
_tBOOK
_u2017-2-21
_xTEOLOGIA
_PP35
_0COMPRA
_o.STAFF. Colección Teología
999 _aW286.7325 MS TIII 1984
_wDEWEY
_c1
_iFJ05687
_d2019-5-27
_e2019-5-24
_f2022-2-2
_g3
_lCCODECWJ1
_mBUJ
_n1
_p15.00
_q1
_r0
_sY
_tBOOK
_u2017-6-14
_xBIBLIOTECA
_zUNKNOWN
_0COMPRA
_o.STAFF. Colección General Juliaca
999 _aW286.7325 MS TIII 1984
_wDEWEY
_c2
_iFJ09600
_d2019-10-2
_f2022-2-2
_g4
_lCCODEBUJ1
_mBUJ
_p22.00
_q2
_r0
_sY
_tBOOK
_u2017-12-13
_xBIBLIOTECA
_zUNKNOWN
_0COMPRA
_o.STAFF. Colección General Juliaca
980 _81
_gALBERTO SANCHEZ Responsable de Automatización